| 000 | 00000nam##2200000za#4500 |
| 001 | 9.570003 |
| 003 | CaOODSP |
| 005 | 20210624182032 |
| 007 | cr ||||||||||| |
| 008 | 150406|2003||||xxc|||||o f|0| 0 eng|d |
| 040 | |aCaOODSP|beng |
| 043 | |an-cn--- |
| 086 | 1 |aNH18-1-2/161-2003E-PDF |
| 110 | 2 |aCanada Mortgage and Housing Corporation. |
| 245 | 10|aSmall-scale renewable energy systems, grid-connection and net metering : |h[electronic resource]|ban overview of the Canadian experience in 2003 / |c[by] Shawna Henderson and Jeff Bell. |
| 260 | |aOttawa - Ontario : |bCanada Mortgage and Housing Corporation |c19 November 2003. |
| 300 | |a131p.|bfigs. (some coloured), glossary, graphs, map, references, tables, photographs |
| 490 | 1 |aResearch report |
| 546 | |a(Résumé en français.) |
| 590 | |a11-26-Supp|b2011-11-03 |
| 720 | 1 |aHenderson, Shawna |
| 720 | 1 |aBell, Jeff |
| 830 | #0|aResearch report (Canada Mortgage and Housing Corporation : Online)|w(CaOODSP)9.506068 |
| 856 | 40|ahttp://publications.gc.ca|qPDF|s2.17 MB|uhttps://publications.gc.ca/collections/collection_2011/schl-cmhc/nh18-1-2/NH18-1-2-161-2003-eng.pdf |